000 00205 a2200097 4500
001 15419
100 _aOwen, R
245 _athe desert air force
260 _aLondon
_bHutchinson
_c
090 _c12044
_d12044
942 _aNUST-CAE
_cM
_c2275
999 _c250492
_d250492